| 000 | 00844nam a2200241Ia 4500 | ||
|---|---|---|---|
| 003 | GCL | ||
| 008 | 140319s9999 xx 000 0 ara d | ||
| 040 |
_aGCL / _cGCL |
||
| 082 | 0 | 4 |
_aم _b909 _bهـ ت |
| 100 | 1 | _aادارة الثقافة العامة بوزارة ال | |
| 245 | 1 | 0 |
_aتاريخ العالم / _cادارة الثقافة العامة بوزارة ال |
| 700 | 1 | _aهامرتن , السيرجون.أ. | |
| 260 |
_a[S.N] : _bمكتبة النهضة المصرية |
||
| 300 | _aمتعدد الترقيم | ||
| 490 |
_aشكاوى المصرى الفصيح _v0 |
||
| 650 | 0 | 4 | _aالعلوم الاجتماعية |
| 650 | 0 | 4 | _aالتاريخ |
| 650 | 0 | 4 | _aالتكنولوجيا |
| 650 | 0 | 4 | _aالجغرافيا |
| 650 | 0 | 4 | _aالعلوم البحتة |
| 650 | 0 | 4 | _aالعلوم الانسانية |
| 942 |
_2ddc _cREF |
||
| 999 |
_c59493 _d59493 |
||